000 00747nab a2200241 u 4500
001 07865
003 HDC
007 cr bn ---aaaaa
008 210129c mydr|nes 0 a may d
040 _aHDC
245 0 _aDirektori pengusaha herba
260 _aKuala Lumpur :
_bUTUSAN MALAYSIA,
_c2015
300 _aB6 page
336 _atext
_2rdacontent
337 _acomputer
_2rdamedia
338 _aonline resource
_2rdacarrier
650 _aAgriculture industry
_92340
650 _aEntrepreneur
_91863
856 _zRequest full-text at [email protected]
942 _2lcc
942 _cNEWS
942 _kNWSC 001214
999 _c5188
_d5188